[Event "Titled Tue 17th Jun Late"]
[Site "chess.com INT"]
[Date "2025.06.17"]
[Round "4"]
[White "Demchenko, Yaroslav"]
[Black "Gerbelli Neto, Eduardo"]
[Result "1-0"]
[WhiteTitle "CM"]
[WhiteElo "2263"]
[BlackElo "2114"]
[WhiteFideId "14186667"]
[BlackFideId "2103281"]
[EventDate "2025.06.17"]

1. Nf3 Nf6 2. b3 d5 3. Bb2 c5 4. e3 e6 5. d4 Nc6 6. Bd3 Bd6 7. O-O O-O 8. a3 b6
9. Nbd2 Bb7 10. Ne5 Qc7 11. f4 Ne7 12. Qf3 Rac8 13. g4 Nd7 14. g5 f5 15. gxf6
Nxf6 16. Qh3 Nf5 17. Rf2 Ne4 18. Nxe4 dxe4 19. Bc4 Bd5 20. Rg2 cxd4 21. exd4 e3
22. Bxd5 exd5 23. Kh1 Rf6 24. Rag1 Re8 25. c4 Bxe5 26. dxe5 Rf7 27. cxd5 Qd8 28.
e6 1-0

[Event "Titled Tue 17th Jun Late"]
[Site "chess.com INT"]
[Date "2025.06.17"]
[Round "4"]
[White "Panin, Mikhail"]
[Black "Ilinca, Felix-Antonio"]
[Result "0-1"]
[WhiteTitle "CM"]
[BlackTitle "IM"]
[WhiteElo "2255"]
[BlackElo "2431"]
[WhiteFideId "34164992"]
[BlackFideId "54764998"]
[EventDate "2025.06.17"]

1. e4 c6 2. Nf3 d5 3. Nc3 g6 4. d4 Bg7 5. h3 dxe4 6. Nxe4 Nf6 7. Nxf6+ exf6 8.
Bc4 O-O 9. O-O a5 10. a4 Na6 11. c3 Nc7 12. Re1 Nd5 13. Bd2 Be6 14. Bf1 Qd7 15.
Qc2 Rfe8 16. Kh2 Bf8 17. g3 h5 18. Bg2 Bd6 19. h4 Bg4 20. Kg1 Kg7 21. Nh2 Bf5
22. Qb3 Be6 23. Qc2 Re7 24. Re2 Bf5 25. Rxe7 Bxe7 26. Qb3 Rd8 27. Re1 Bf8 28.
Bc1 b5 29. Nf3 Nb6 30. axb5 cxb5 31. Nd2 a4 32. Qd1 b4 33. Ne4 b3 34. Qe2 Re8
35. Qa6 Nd5 36. Bd2 Re6 37. Qa8 Nb6 38. Qb8 Qe7 39. Kf1 Nd7 40. Qa7 Bxe4 41.
Bxe4 Rxe4 42. Rxe4 Qxe4 43. Qxd7 a3 0-1

[Event "Titled Tue 17th Jun Late"]
[Site "chess.com INT"]
[Date "2025.06.17"]
[Round "4"]
[White "Medina Paz, Miguel"]
[Black "Kostov, Deyan Samuil"]
[Result "0-1"]
[WhiteTitle "IM"]
[BlackTitle "FM"]
[WhiteElo "2368"]
[BlackElo "2352"]
[WhiteFideId "7300379"]
[BlackFideId "30909015"]
[EventDate "2025.06.17"]

1. d4 d5 2. c4 dxc4 3. Nf3 a6 4. a4 Nc6 5. e3 Bg4 6. Bxc4 e6 7. h3 Bh5 8. Nbd2
Nf6 9. b3 Bb4 10. O-O O-O 11. Qc2 Qe7 12. Bb2 Rfd8 13. Rad1 Bd6 14. e4 e5 15. d5
Nb8 16. Qc3 Nbd7 17. Rfe1 Re8 18. Nf1 Nc5 19. Ng3 Bg6 20. Bd3 Nh5 21. Nf5 Bxf5
22. exf5 f6 23. Nd2 Nf4 24. Bc4 Qd7 25. Qc2 Qf7 26. Ne4 Nxe4 27. Qxe4 Qh5 28.
Be2 Qg5 29. Kh2 g6 30. g3 Nxe2 31. Rxe2 Qxf5 32. Qxf5 gxf5 33. Kg2 Kf7 34. Rde1
h5 35. h4 Rg8 36. Kh3 Rae8 37. Bc1 Rg4 38. f4 Reg8 39. fxe5 Rxg3+ 40. Kh2 Bxe5 0-1

[Event "Titled Tue 17th Jun Late"]
[Site "chess.com INT"]
[Date "2025.06.17"]
[Round "4"]
[White "Demaria, Juan Pablo"]
[Black "Guliev, Gasan"]
[Result "0-1"]
[WhiteTitle "FM"]
[BlackTitle "CM"]
[WhiteElo "2215"]
[BlackElo "2123"]
[WhiteFideId "104922"]
[BlackFideId "34165638"]
[EventDate "2025.06.17"]

1. e4 c5 2. Nf3 Nc6 3. d4 cxd4 4. Nxd4 Nf6 5. Nc3 e5 6. Ndb5 d6 7. Nd5 Nxd5 8.
exd5 Nb8 9. c4 Be7 10. Bd3 O-O 11. O-O Nd7 12. Kh1 a6 13. Nc3 f5 14. f3 a5 15.
Be3 Bg5 16. Bg1 Qf6 17. Nb5 Qh6 18. Nc7 Rb8 19. Ne6 Re8 20. Nxg5 Qxg5 21. Qe1
Nf6 22. Qxa5 e4 23. Be2 f4 24. Qc7 Bf5 25. Qxd6 e3 26. g4 Nxg4 27. fxg4 Be4+ 28.
Rf3 Qxg4 29. Qxf4 Qxf4 30. Rf1 Rf8 31. d6 Qxd6 32. Bxe3 Bxf3+ 33. Bxf3 Qd3 34.
Bd5+ Kh8 35. Re1 Rf1+ 36. Rxf1 Qxf1+ 37. Bg1 Rd8 38. a4 Rxd5 39. cxd5 Qf3# 0-1

[Event "Titled Tue 17th Jun Late"]
[Site "chess.com INT"]
[Date "2025.06.17"]
[Round "4"]
[White "Tao, Sihan"]
[Black "Petrenko, Maryna"]
[Result "1-0"]
[WhiteTitle "FM"]
[BlackTitle "WFM"]
[WhiteElo "2202"]
[BlackElo "2062"]
[WhiteFideId "30982677"]
[BlackFideId "14197820"]
[EventDate "2025.06.17"]

1. d4 d5 2. c4 e6 3. Nf3 Nf6 4. g3 c6 5. Qc2 Be7 6. Bg2 O-O 7. O-O Nbd7 8. b3 b6
9. Bb2 Bb7 10. Nc3 Rc8 11. e4 dxe4 12. Nxe4 c5 13. Nxf6+ Bxf6 14. Rad1 Qc7 15.
dxc5 bxc5 16. Rd2 Bxb2 17. Qxb2 Nf6 18. Rfd1 Rcd8 19. Ne5 Bxg2 20. Kxg2 Ne4 21.
Rd7 Rxd7 22. Rxd7 Qa5 23. Qc2 Nf6 24. Rd1 Qc7 25. f4 Qb7+ 26. Kg1 a5 27. Qg2 Qc7
28. Qc6 Qa7 29. Nd7 Nxd7 30. Rxd7 Qa8 31. Qxa8 Rxa8 32. Rc7 a4 33. Rxc5 axb3 34.
axb3 Rb8 35. b4 g6 36. b5 Kf8 37. Rc6 Ke7 38. b6 Kd7 39. Rc7+ Kd6 40. c5+ Kd5
41. b7 Ke4 42. c6 Rd8 43. Rc8 1-0

[Event "Titled Tue 17th Jun Late"]
[Site "chess.com INT"]
[Date "2025.06.17"]
[Round "4"]
[White "Stribuk, Artiom"]
[Black "Shukhman, Anna"]
[Result "1-0"]
[WhiteTitle "IM"]
[BlackTitle "WGM"]
[WhiteElo "2460"]
[BlackElo "2413"]
[WhiteFideId "13515659"]
[BlackFideId "54180058"]
[EventDate "2025.06.17"]

1. g3 d5 2. Bg2 e5 3. d3 g6 4. Nf3 Bg7 5. O-O Ne7 6. e4 O-O 7. exd5 Nxd5 8. Nc3
Nxc3 9. bxc3 Nc6 10. Rb1 Rb8 11. Re1 Bg4 12. h3 Bf5 13. Ng5 h6 14. Ne4 Be6 15.
Nc5 Bxa2 16. Nxb7 Qd7 17. Nc5 Qd6 18. Ne4 Qe7 19. Ra1 Bd5 20. Ba3 Qd8 21. Bxf8
Kxf8 22. c4 Bxe4 23. Bxe4 Nd4 24. Rxa7 Kg8 25. c3 Ne6 26. Bd5 Nc5 27. Qf3 Qd7
28. Qxf7+ 1-0

[Event "Titled Tue 17th Jun Late"]
[Site "chess.com INT"]
[Date "2025.06.17"]
[Round "4"]
[White "Bogaudinov, Rushan"]
[Black "Levano Loayza, Adriano Jaffet"]
[Result "0-1"]
[WhiteTitle "FM"]
[BlackTitle "CM"]
[WhiteElo "1912"]
[BlackElo "2023"]
[WhiteFideId "4129288"]
[BlackFideId "3865584"]
[EventDate "2025.06.17"]

1. e4 c5 2. Nf3 d6 3. d4 cxd4 4. Nxd4 Nf6 5. Nc3 Nc6 6. Nxc6 bxc6 7. Bd3 g6 8.
b3 Bg7 9. Bb2 O-O 10. Rb1 a5 11. O-O Ba6 12. Re1 Qc7 13. Qe2 Bxd3 14. cxd3 Nd7
15. h4 h5 16. Na4 Ne5 17. d4 Ng4 18. f3 Nf6 19. Rbc1 Qb7 20. Rc2 Rfc8 21. Rec1
Nd7 22. Kh2 Nb6 23. Nxb6 Qxb6 24. e5 a4 25. e6 axb3 26. exf7+ Kxf7 27. axb3 Qxb3
28. Rxc6 Rxc6 29. Rxc6 Ra2 30. Rc2 Bxd4 31. Qe4 Rxb2 32. Rc8 Bf6 33. Qa8 Be5+
34. Kh3 Qe6+ 35. g4 Rh2# 0-1

[Event "Titled Tue 17th Jun Late"]
[Site "chess.com INT"]
[Date "2025.06.17"]
[Round "4"]
[White "Rajaram, Rohan"]
[Black "Gumularz, Szymon"]
[Result "0-1"]
[WhiteTitle "CM"]
[BlackTitle "GM"]
[WhiteElo "2164"]
[BlackElo "2605"]
[WhiteFideId "30940729"]
[BlackFideId "1188062"]
[EventDate "2025.06.17"]

1. c4 Nf6 2. Nc3 e5 3. d3 Bb4 4. Bd2 O-O 5. Nf3 Re8 6. e4 c6 7. Be2 d5 8. cxd5
cxd5 9. Nxd5 Bxd2+ 10. Qxd2 Nxd5 11. exd5 Qxd5 12. O-O Nc6 13. Rfe1 Bf5 14. Rad1
Qxa2 15. h3 Rad8 16. Qc3 Qd5 17. Ng5 Nd4 18. Bf3 Nxf3+ 19. Nxf3 Bxh3 20. Rxe5
Rxe5 21. Qxe5 Qxe5 22. Nxe5 Be6 23. d4 f6 24. Nf3 Bd5 25. Ne1 Rc8 26. Nd3 Kf7
27. Nb4 Bb3 28. Rd3 Rc1+ 29. Kh2 Bc4 30. Re3 Rd1 31. b3 Bb5 32. Nd5 Rxd4 33. Nc7
Bc6 34. Ne6 Rd6 35. Nc5 b6 36. Nd3 a5 37. Kg3 g5 38. Nb2 b5 39. Nd3 Rd4 40. Nc5
h5 41. Ne6 Rg4+ 42. Kh2 Rxg2+ 43. Kh3 g4+ 44. Kh4 Rh2+ 45. Kg3 Rh3+ 46. Kf4 Rxe3 0-1

[Event "Titled Tue 17th Jun Late"]
[Site "chess.com INT"]
[Date "2025.06.17"]
[Round "4"]
[White "Vaganian, Rafael A"]
[Black "Moroni, Luca Jr"]
[Result "0-1"]
[WhiteTitle "GM"]
[BlackTitle "GM"]
[WhiteElo "2449"]
[BlackElo "2549"]
[WhiteFideId "13300016"]
[BlackFideId "865834"]
[EventDate "2025.06.17"]

1. d4 g6 2. e4 Bg7 3. Nf3 d6 4. c3 Nf6 5. Bd3 O-O 6. O-O Nc6 7. h3 e5 8. Na3 h6
9. Re1 Nh5 10. Nc2 Qf6 11. dxe5 dxe5 12. Ne3 Ne7 13. Ng4 Bxg4 14. hxg4 Nf4 15.
g3 Nxd3 16. Qxd3 Rfd8 17. Qe2 Qe6 18. Nh4 Nc8 19. b3 a5 20. Be3 a4 21. c4 Nd6
22. f3 axb3 23. axb3 Kh7 24. Red1 Ne8 25. Ng2 b5 26. Rxa8 Rxa8 27. cxb5 Qxb3 28.
Qd3 Ra3 29. Qxb3 Rxb3 30. Rd8 Nd6 31. Rd7 Nxb5 32. Rxf7 Rd3 33. Kf2 Kg8 34. Re7
Rd6 35. Nh4 Kf8 36. Nxg6+ Rxg6 37. Rd7 Rc6 0-1

[Event "Titled Tue 17th Jun Late"]
[Site "chess.com INT"]
[Date "2025.06.17"]
[Round "4"]
[White "Moreira, Ronaldo Alonso"]
[Black "Cori Quispe, Kevin Joel"]
[Result "0-1"]
[BlackTitle "GM"]
[WhiteElo "2094"]
[BlackElo "2464"]
[WhiteFideId "2110547"]
[BlackFideId "3814017"]
[EventDate "2025.06.17"]

1. d4 Nf6 2. c4 c5 3. d5 b5 4. cxb5 a6 5. bxa6 g6 6. Nc3 Bg7 7. g3 O-O 8. Bg2 d6
9. Nf3 Nxa6 10. O-O Nc7 11. Re1 Bf5 12. e4 Bg4 13. Rb1 Nd7 14. Qc2 Qb8 15. a3 c4
16. Be3 Bxf3 17. Bxf3 Nb5 18. Nxb5 Qxb5 19. Rec1 Rfc8 20. Be2 Qa5 21. Bxc4 Ne5
22. Qe2 h5 23. h3 Qa4 24. Ba2 Qxe4 25. f3 Nxf3+ 26. Kf2 Ne5 27. Bf4 Nd3+ 0-1

[Event "Titled Tue 17th Jun Late"]
[Site "chess.com INT"]
[Date "2025.06.17"]
[Round "4"]
[White "Fomevor, Cephas Clinton"]
[Black "Sarkar, Justin"]
[Result "0-1"]
[WhiteTitle "CM"]
[BlackTitle "IM"]
[WhiteElo "1883"]
[BlackElo "2284"]
[WhiteFideId "12601330"]
[BlackFideId "2010011"]
[EventDate "2025.06.17"]

1. d4 Nf6 2. c4 e6 3. Nf3 d5 4. cxd5 exd5 5. Nc3 c6 6. Bg5 h6 7. Bh4 Bf5 8. e3
Nbd7 9. Bd3 Bxd3 10. Qxd3 Be7 11. O-O O-O 12. a3 a5 13. Rab1 Re8 14. b4 axb4 15.
axb4 b5 16. Rfc1 Nb6 17. Ne5 Qd6 18. Bg3 Qe6 19. Ne2 Nc4 20. Nf4 Qc8 21. Qd1 Ne4
22. Ned3 Ra2 23. Nc5 Bxc5 24. bxc5 Qf5 25. Nd3 Ned2 26. Ne5 Nxe5 27. dxe5 Nxb1
28. Rxb1 Qc2 29. Qe1 Rea8 30. Rc1 Qxc1 31. Qxc1 Ra1 32. Qf1 Rxf1+ 33. Kxf1 b4
34. e4 b3 0-1

[Event "Titled Tue 17th Jun Late"]
[Site "chess.com INT"]
[Date "2025.06.17"]
[Round "4"]
[White "Suleymanli, Suleyman"]
[Black "Naroditsky, Daniel"]
[Result "0-1"]
[WhiteTitle "FM"]
[BlackTitle "GM"]
[WhiteElo "2308"]
[BlackElo "2619"]
[WhiteFideId "13416375"]
[BlackFideId "2026961"]
[EventDate "2025.06.17"]

1. Nf3 Nf6 2. g3 g6 3. Bg2 Bg7 4. O-O O-O 5. d4 d6 6. c4 c6 7. Nc3 Bf5 8. Nh4
Be6 9. d5 cxd5 10. cxd5 Bd7 11. Nf3 Na6 12. Nd4 Rc8 13. h3 Qb6 14. Nb3 Nc5 15.
Be3 Qa6 16. Nxc5 dxc5 17. Rc1 b5 18. a3 b4 19. axb4 cxb4 20. Ra1 Qd6 21. Bf4 Qc5
22. Be3 Qc4 23. Na4 Bb5 24. Nc5 Rxc5 25. Rc1 Rxd5 26. Bxd5 Qxd5 27. Qxd5 Nxd5
28. Bxa7 Bxb2 29. Rc5 Nc3 30. Re1 Ra8 31. Bb6 b3 32. Kh2 Bxe2 33. Re5 Bc4 34.
Rxe7 Be6 35. Re8+ Rxe8 0-1

[Event "Titled Tue 17th Jun Late"]
[Site "chess.com INT"]
[Date "2025.06.17"]
[Round "4"]
[White "Kochetkov, German"]
[Black "Akopyan, Harutyun"]
[Result "1-0"]
[WhiteTitle "IM"]
[BlackTitle "FM"]
[WhiteElo "2277"]
[BlackElo "2240"]
[WhiteFideId "13500635"]
[BlackFideId "2012014"]
[EventDate "2025.06.17"]

1. e4 e5 2. Nf3 Nc6 3. Bb5 a6 4. Ba4 Nf6 5. d3 b5 6. Bb3 Be7 7. c3 O-O 8. O-O d5
9. exd5 Nxd5 10. Re1 Bg4 11. h3 Bh5 12. g4 Bg6 13. Nxe5 Nxe5 14. Rxe5 c6 15. Qf3
Bf6 16. Re2 Qd7 17. Nd2 Rae8 18. Ne4 Bd8 19. Nc5 Qd6 20. d4 Bc7 21. Rxe8 Rxe8
22. Bd2 Qh2+ 23. Kf1 h5 24. Qg2 Qd6 25. Re1 Rxe1+ 26. Kxe1 Qe7+ 27. Kf1 Bf4 28.
Bxf4 Nxf4 29. Qf3 1-0

[Event "Titled Tue 17th Jun Late"]
[Site "chess.com INT"]
[Date "2025.06.17"]
[Round "4"]
[White "Khenkin, Igor"]
[Black "Askarov, Bakhtiyar"]
[Result "0-1"]
[WhiteTitle "GM"]
[BlackTitle "IM"]
[WhiteElo "2499"]
[BlackElo "2297"]
[WhiteFideId "4659600"]
[BlackFideId "13701100"]
[EventDate "2025.06.17"]

1. e4 g6 2. d4 Bg7 3. Nc3 d6 4. Be3 a6 5. Qd2 b5 6. h4 h5 7. a4 b4 8. Nce2 Bb7
9. f3 a5 10. Nh3 Nf6 11. Ng5 Nbd7 12. Nf4 e5 13. Nfe6 fxe6 14. Nxe6 Qe7 15.
Nxc7+ Kf8 16. Nxa8 Bxa8 17. c3 bxc3 18. bxc3 Kg8 19. d5 Kh7 20. Bb5 Rc8 21. c4
Nc5 22. Rb1 Qc7 23. O-O Ng8 24. Qc3 Bh6 25. Bf2 g5 26. hxg5 Bxg5 27. g3 Nf6 28.
Kg2 Rg8 29. Rh1 Rg6 30. Rh3 Kg7 31. Kf1 Bb7 32. Ke2 Bc8 33. Rhh1 Nfxe4 34. fxe4
Bg4+ 35. Ke1 Nxe4 36. Qc2 Nxf2 37. Qxf2 Rf6 38. Qg2 Qc5 39. Rb3 Qd4 0-1

[Event "Titled Tue 17th Jun Late"]
[Site "chess.com INT"]
[Date "2025.06.17"]
[Round "4"]
[White "Kravtsiv, Martyn"]
[Black "Achuthan, Aryan"]
[Result "1-0"]
[WhiteTitle "GM"]
[WhiteElo "2598"]
[BlackElo "2087"]
[WhiteFideId "14113147"]
[BlackFideId "30982294"]
[EventDate "2025.06.17"]

1. e4 e5 2. Nf3 Nc6 3. d4 exd4 4. Nxd4 Bc5 5. Nb3 Bb6 6. Qe2 Nge7 7. Nc3 O-O 8.
Be3 f5 9. O-O-O fxe4 10. Bxb6 axb6 11. Qxe4 d5 12. Nxd5 Nxd5 13. Rxd5 Qe8 14.
Qxe8 Rxe8 15. a3 Be6 16. Rd1 Bxb3 17. cxb3 Re7 18. Bc4+ Kf8 19. Rhe1 Ne5 20. Bf1
Rae8 21. Re4 Nd3+ 22. Bxd3 Rxe4 23. Bxe4 Rxe4 24. Rd7 Re2 25. Rxc7 Rxf2 26. Rxb7
Rxg2 27. Rxb6 Rxh2 28. a4 h5 29. a5 Rh1+ 30. Kc2 Ra1 31. b4 Kf7 32. Kd3 g5 33.
Ke4 h4 34. Kf5 Rg1 35. a6 h3 36. Rh6 Ra1 37. b5 h2 38. Rxh2 Ra5 39. Rh7+ 1-0

[Event "Titled Tue 17th Jun Late"]
[Site "chess.com INT"]
[Date "2025.06.17"]
[Round "4"]
[White "Demirtas, Alper"]
[Black "Svane, Frederik"]
[Result "0-1"]
[WhiteTitle "CM"]
[BlackTitle "GM"]
[WhiteElo "2205"]
[BlackElo "2667"]
[WhiteFideId "44576781"]
[BlackFideId "12923044"]
[EventDate "2025.06.17"]

1. Nf3 d5 2. d4 e6 3. c3 c5 4. Bf4 Nc6 5. Nbd2 Bd6 6. Bg3 Nge7 7. e3 O-O 8. Bd3
cxd4 9. exd4 f6 10. Bxd6 Qxd6 11. O-O e5 12. c4 Bf5 13. Bxf5 Nxf5 14. dxe5 fxe5
15. cxd5 Qxd5 16. Qb3 Rad8 17. Rfe1 Qxb3 18. Nxb3 Rfe8 19. Rad1 Rxd1 20. Rxd1 e4
21. Ng5 h6 22. Nh3 e3 23. fxe3 Nxe3 24. Rd7 Rf8 25. Nf2 Ne5 26. Re7 N5g4 27. h3
Rxf2 28. hxg4 Rxg2+ 29. Kh1 Re2 30. Rxb7 Rxb2 31. Rxa7 Nxg4 32. Nc5 h5 33. Ne6
Kh7 34. Rxg7+ Kh6 35. a4 Ra2 36. Ra7 h4 37. Nf4 Kg5 38. Nh3+ Kf5 39. Kg1 Ne5 40.
a5 Kg4 41. Nf2+ Kf3 42. Nh3 Ra1+ 43. Kh2 Ng4# 0-1

[Event "Titled Tue 17th Jun Late"]
[Site "chess.com INT"]
[Date "2025.06.17"]
[Round "4"]
[White "Logachiov, Aleksandr"]
[Black "Kukushkin, Ivan"]
[Result "1-0"]
[WhiteTitle "CM"]
[BlackTitle "CM"]
[WhiteElo "2129"]
[BlackElo "2008"]
[WhiteFideId "24123706"]
[BlackFideId "11634103"]
[EventDate "2025.06.17"]

1. c4 e5 2. Nc3 Bb4 3. Qc2 Bxc3 4. Qxc3 Nc6 5. g3 d6 6. Bg2 f5 7. b4 Nf6 8. b5
Nd4 9. e3 Ne6 10. d4 exd4 11. exd4 O-O 12. d5 Nc5 13. Ne2 Re8 14. Be3 Ng4 15.
Bxc5 dxc5 16. Bf3 Nf6 17. O-O Bd7 18. Nf4 Qe7 19. Rfe1 Qd6 20. Rxe8+ Rxe8 21.
Re1 Rxe1+ 22. Qxe1 Kf7 23. h4 c6 24. bxc6 bxc6 25. Qa5 cxd5 26. Nxd5 a6 27. Qd8
Qf8 28. Qc7 Qc8 29. Qd6 Ne8 30. Qe7+ Kg8 31. Nb6 Qb8 32. Nxd7 1-0

[Event "Titled Tue 17th Jun Late"]
[Site "chess.com INT"]
[Date "2025.06.17"]
[Round "4"]
[White "Garcia Hernandez, Rebeca"]
[Black "Sharankov, Grigory"]
[Result "0-1"]
[WhiteTitle "WCM"]
[BlackTitle "CM"]
[WhiteElo "1904"]
[BlackElo "2238"]
[WhiteFideId "5180872"]
[BlackFideId "4168356"]
[EventDate "2025.06.17"]

1. Nf3 Nf6 2. g3 b5 3. Bg2 Bb7 4. O-O e6 5. a4 b4 6. c4 c5 7. d4 cxd4 8. Qxd4
Nc6 9. Qd1 Bc5 10. Nbd2 a5 11. Nb3 Ba7 12. Bf4 d5 13. Rc1 O-O 14. c5 Ne4 15.
Nfd4 Rc8 16. e3 e5 17. Nxc6 Bxc6 18. Bxe5 Bxa4 19. Bd4 Bxb3 20. Qxb3 Nd2 21.
Qxd5 Qxd5 22. Bxd5 Nxf1 23. Kxf1 a4 24. Ke2 h5 25. Bf3 Rfd8 26. Bxh5 a3 27. bxa3
bxa3 28. Ra1 Bxc5 29. Bxc5 Rxc5 30. Bf3 Rc2+ 31. Kf1 a2 32. Kg2 Rdd2 33. Be4
Rxf2+ 34. Kh3 Rxh2+ 35. Kg4 Rb2 0-1

[Event "Titled Tue 17th Jun Late"]
[Site "chess.com INT"]
[Date "2025.06.17"]
[Round "4"]
[White "Vinolas Anglada, Laura"]
[Black "Tang, Austin"]
[Result "1-0"]
[WhiteTitle "WCM"]
[WhiteElo "2059"]
[BlackElo "1979"]
[WhiteFideId "24517925"]
[BlackFideId "30964580"]
[EventDate "2025.06.17"]

1. e4 c5 2. Nf3 d6 3. d4 cxd4 4. Nxd4 Nf6 5. Nc3 Nc6 6. Be2 e5 7. Nf3 h6 8. O-O
Be7 9. Re1 O-O 10. h3 Be6 11. Bf1 Rc8 12. Nd5 Bxd5 13. exd5 Nb4 14. c4 a5 15. a3
Na6 16. Bd2 Qc7 17. b4 axb4 18. axb4 Qb6 19. Qb3 Nd7 20. Rab1 f5 21. Bc3 Bf6 22.
Qa4 Rf7 23. Nd2 e4 24. Qa3 Ne5 25. Qb3 Bh4 26. Bxe5 Qxf2+ 27. Kh1 dxe5 28. c5
Qxd2 29. Red1 Qf4 30. d6 Bf2 31. Qe6 Rd8 32. d7 Bd4 33. c6 bxc6 34. Qxc6 Qf2 35.
Bxa6 Rfxd7 36. Bc4+ Kh7 37. b5 e3 38. Re1 1-0

[Event "Titled Tue 17th Jun Late"]
[Site "chess.com INT"]
[Date "2025.06.17"]
[Round "4"]
[White "Al-Tarboush, Ward"]
[Black "Khanbutaev, Artemii"]
[Result "0-1"]
[WhiteTitle "FM"]
[WhiteElo "2223"]
[BlackElo "2139"]
[WhiteFideId "7601450"]
[BlackFideId "55747175"]
[EventDate "2025.06.17"]

1. e4 e5 2. Nf3 Nc6 3. Bb5 a6 4. Ba4 Nf6 5. O-O Be7 6. d3 b5 7. Bb3 O-O 8. Nc3
d6 9. a3 Rb8 10. Be3 Na5 11. Ba2 Be6 12. b4 Bxa2 13. Rxa2 Nc6 14. Nd5 Nxd5 15.
exd5 Nd4 16. Bxd4 exd4 17. Nxd4 Qd7 18. Qf3 Bf6 19. Nc6 Rbe8 20. a4 Ra8 21. g3
Rfe8 22. Kg2 Bc3 23. d4 Bd2 24. Qd3 Bg5 25. axb5 axb5 26. Rxa8 Rxa8 27. Qxb5 Qf5
28. h4 Bxh4 29. Ra1 Qe4+ 30. Kh2 Bxg3+ 31. fxg3 Qxc2+ 32. Kh3 Qf5+ 33. Kg2 Qc2+
34. Kf3 Qc3+ 35. Kg4 Qxa1 36. Qb7 Qd1+ 37. Kh4 Re8 38. Ne7+ Kf8 39. Qxc7 Rxe7
40. Qxd6 Qxd4+ 41. Kh3 Qf6 42. Qc5 Qf5+ 43. Kg2 Qe4+ 44. Kh3 Qh1+ 45. Kg4 f5+
46. Kxf5 Qe4+ 47. Kg5 h6+ 48. Kh5 Qf5+ 49. Kh4 Kf7 50. g4 g5+ 51. Kg3 Qd3+ 52.
Kf2 Re2+ 0-1

[Event "Titled Tue 17th Jun Late"]
[Site "chess.com INT"]
[Date "2025.06.17"]
[Round "4"]
[White "Gimeno Martos, Roberto"]
[Black "Veiga, Jose Francisco R P Neves"]
[Result "1-0"]
[WhiteTitle "CM"]
[BlackTitle "IM"]
[WhiteElo "2090"]
[BlackElo "2390"]
[WhiteFideId "2226804"]
[BlackFideId "1930087"]
[EventDate "2025.06.17"]

1. d4 Nf6 2. Nf3 e6 3. e3 d5 4. Bd3 c5 5. c3 Nc6 6. Nbd2 Bd6 7. Qe2 O-O 8. O-O
e5 9. e4 cxd4 10. exd5 dxc3 11. bxc3 Nxd5 12. Bxh7+ Kxh7 13. Qe4+ Kg8 14. Qxd5
Be6 15. Qb5 Qc7 16. Ne4 Be7 17. Neg5 Bf5 18. Be3 Rfd8 19. Rad1 a6 20. Qb2 b5 21.
c4 bxc4 22. Rc1 Bd3 23. Rfe1 Rab8 24. Qa1 Bb4 25. Red1 Rd7 26. Ne1 Ba3 27. Nxd3
cxd3 28. Rb1 Nb4 29. Rb3 Nc2 30. Qc3 Rxb3 31. Qxb3 Nxe3 32. fxe3 Bc5 33. Rxd3
Bxe3+ 34. Rxe3 Qc1+ 35. Kf2 Qd2+ 36. Kf3 Qc1 37. Qb8+ 1-0

[Event "Titled Tue 17th Jun Late"]
[Site "chess.com INT"]
[Date "2025.06.17"]
[Round "4"]
[White "Marchesich, Giovanni"]
[Black "Deng, Henry"]
[Result "0-1"]
[WhiteTitle "CM"]
[BlackTitle "FM"]
[WhiteElo "2189"]
[BlackElo "2327"]
[WhiteFideId "2824790"]
[BlackFideId "30965454"]
[EventDate "2025.06.17"]

1. d4 c5 2. d5 Nf6 3. Nc3 e6 4. e4 exd5 5. exd5 d6 6. Nf3 g6 7. Nd2 Bg7 8. Nc4
O-O 9. Be2 Re8 10. O-O Ne4 11. Nxe4 Rxe4 12. Ne3 b6 13. Bd3 Re8 14. a4 Ba6 15.
Bxa6 Nxa6 16. c3 Nc7 17. Qd3 Qd7 18. Nc4 Rab8 19. Bf4 Bf8 20. Rfe1 a6 21. Qg3
Nxd5 22. Bxd6 Rxe1+ 23. Rxe1 Re8 24. Rxe8 Qxe8 25. h3 Bg7 26. Qf3 Qe6 27. Bg3 h5
28. Qd3 b5 29. axb5 axb5 30. Nd2 c4 31. Qf1 Qf5 32. Qb1 Qd7 33. Ne4 b4 34. cxb4
Nxb4 35. Qc1 Qd3 36. Nc5 Qc2 37. Qxc2 Nxc2 38. b3 Bd4 39. Ne4 cxb3 40. Nd2 b2
41. Kf1 Na3 0-1

[Event "Titled Tue 17th Jun Late"]
[Site "chess.com INT"]
[Date "2025.06.17"]
[Round "4"]
[White "Romanchuk, Viktor"]
[Black "Petersson, Kjell"]
[Result "1-0"]
[WhiteTitle "FM"]
[BlackTitle "CM"]
[WhiteElo "2266"]
[BlackElo "2068"]
[WhiteFideId "14109271"]
[BlackFideId "1705148"]
[EventDate "2025.06.17"]

1. d4 f5 2. Nc3 Nf6 3. Bg5 d5 4. f3 e6 5. e4 dxe4 6. fxe4 Be7 7. exf5 exf5 8.
Bc4 Nc6 9. Nf3 Na5 10. Qe2 Nxc4 11. Qxc4 h6 12. Bxf6 Bxf6 13. O-O-O Kf8 14. Ne5
Bxe5 15. dxe5 Qg5+ 16. Kb1 c6 17. h4 Qe7 18. Rd6 Bd7 19. Rhd1 Be8 20. Qf4 g6 21.
h5 Kg7 22. hxg6 Qg5 23. Qd4 Rf8 24. a3 Bxg6 25. Rd7+ Kg8 26. Rxb7 Rfd8 27. Qc4+
Kh8 28. Rxd8+ Rxd8 29. e6 Re8 30. Qd4+ Qf6 31. Qxf6+ 1-0

[Event "Titled Tue 17th Jun Late"]
[Site "chess.com INT"]
[Date "2025.06.17"]
[Round "4"]
[White "Stankovic, Boris"]
[Black "Ivashentseva, Dominika"]
[Result "0-1"]
[WhiteTitle "FM"]
[BlackTitle "WCM"]
[WhiteElo "2298"]
[BlackElo "1969"]
[WhiteFideId "985317"]
[BlackFideId "34331050"]
[EventDate "2025.06.17"]

1. d4 d5 2. Nc3 Nf6 3. Bf4 c6 4. e3 g6 5. h4 Bg7 6. Be2 h5 7. Nf3 Bg4 8. Ne5
Bxe2 9. Qxe2 Nbd7 10. O-O-O Nxe5 11. Bxe5 b5 12. f3 a5 13. g4 hxg4 14. fxg4 a4
15. h5 g5 16. a3 b4 17. Nb1 Qb6 18. Bxf6 Bxf6 19. axb4 Qxb4 20. Qd2 Qb6 21. Na3
Rb8 22. c4 c5 23. cxd5 cxd4 24. exd4 O-O 25. Rh3 Rfc8+ 26. Kb1 Qd6 27. Rc1 Rxc1+
28. Kxc1 Qxd5 29. Rc3 Bxd4 30. Qd1 Qe5 31. Nb1 Bxc3 32. Nxc3 a3 0-1